| 000 | 01248nam a2200277 a 4500 | ||
|---|---|---|---|
| 001 | 80816 | ||
| 003 | BD-RjUL | ||
| 005 | 20231018133401.0 | ||
| 008 | 221121s2012 bg a|||| m||| 00| 0 eng d | ||
| 035 | _a(BD-RjUL)80816 | ||
| 040 |
_aBD-RjUL _beng _cBD-RjUL _dBD-RjUL |
||
| 041 | _aeng | ||
| 082 |
_223 _a633.11 _bMRS 2012 |
||
| 100 |
_aMRIDHA, MD. HELAL UDDIN _95943 |
||
| 245 |
_aSTUDIES ON THE EFFECT OF WEEDING ON THE GROWTH AND YIELD OF WHEAT (Triticum aestivum L.) AND INTERCROPPING WITH GRAM (Cicer arietinum L.) / _cBy MD. HELAL UDDIN MRIDHA ; _6Supervisor: Md. Hasan Tarique ; Co-Supervisors: M. Shamsur Rahman & Nishit Kumar Paul |
||
| 260 |
_aRajshahi : _bDepartment of Agronomy and Agricultural Extension, University of Rajshahi, _c2012 |
||
| 300 |
_a[5], xxii, 208 leaves : _bill.; _c29 cm. |
||
| 500 | _aThesis (Ph. D.) -- Department of Agronomy and Agricultural Extension, University of Rajshahi,2012 | ||
| 502 | _aReferences : Leaves 189-205 | ||
| 650 |
_aWheat Breeding _xYield _95944 |
||
| 650 |
_aWeeds control _xOrganic farming _95945 |
||
| 700 |
_aTarique, Md. Hasan, Supervisor _91882 |
||
| 700 |
_aRahman, M. Shamsur, Co-Supervisors _95946 |
||
| 700 |
_aPaul, Nishit Kumar, Co-Supervisors _95947 |
||
| 942 |
_2ddc _cTHE |
||
| 999 |
_c80816 _d80816 |
||